Discographie RK - Statistiques

Statistiques générales
  • Ce quiz a été pris 15 fois
  • Le résultat moyen est 14 sur 144
Statistiques - réponses
Sortie Insolent Feats % Correct
2018 Callumejo /
50%
2025 Sale état Ninho
50%
2018 24 Carats /
38%
2018 Bae /
38%
2019 Cataleya /
38%
2019 C’est mon sang Sofiane
38%
2018 Dans ma chambre /
38%
2018 J’me balade /
38%
2018 Moscow /
38%
2025 TOPBOY iDS
38%
2025 Viano Genezio
38%
2018 Bénéfice /
25%
2019 Dans mon square /
25%
2025 Encore Genezio
25%
2018 J’repars à la guerre /
25%
2022 Lola /
25%
2018 Mon reuf /
25%
2018 On sait /
25%
2019 Rockstar /
25%
2025 Vestiges /
25%
2020 4:17 /
13%
2024 4 Saisons Rsko
13%
2022 Aqua Koba LaD
13%
2020 Automatik /
13%
2021 Balboa /
13%
2020 Billie Jean /
13%
2020 Billie Jean Remix Timal & Alonzo
13%
2022 Booska Respect /
13%
2020 B.O.S.S /
13%
2024 Ciel gris /
13%
2019 Comme à l’ancienne PLK
13%
2018 Cramé /
13%
2018 #DansLeTierquar (Lyon) /
13%
2018 #DansLeTierquar (Marseille) /
13%
2018 #DansLeTierquar (Nantes) /
13%
2021 Demain /
13%
2019 Demain c’est loin /
13%
2022 Dis-moi Eva
13%
2020 Diva SCH
13%
2024 DLPDA /
13%
2020 Euros Maes
13%
2021 Flashback /
13%
2021 Freestyle 100 rancunes /
13%
2020 Hood /
13%
2022 Indiana Guy2Bezbar & Mig
13%
2019 J’ai trop zoné /
13%
2020 La flamme /
13%
2019 Like This Narcos
13%
2025 Liquide /
13%
2021 Lundi matin Zkr
13%
2025 Mago /
13%
2022 Mentalité /
13%
2025 MLS / Deflower /
13%
2020 Monte à bord /
13%
2024 Moon /
13%
2024 Nala /
13%
2025 Nana Jul
13%
2019 Ne crois pas que c’est drôle Jul
13%
2022 Outro /
13%
2022 Paix & Plata Soolking
13%
2018 Parano /
13%
2019 Pardon maman /
13%
2018 Pas les mêmes /
13%
2024 Pegi18 /
13%
2021 Petit cœur Maes
13%
2024 Plomb /
13%
2021 Police DRK2BINKS
13%
2021 Première classe /
13%
2018 Qui je suis /
13%
2019 Rédemption /
13%
2020 Rock n Puff Leto
13%
2022 Sachet /
13%
2019 Sans m’attacher /
13%
2025 Sans toi /
13%
2020 SOS /
13%
2019 Tard le soir /
13%
2024 Walidia /
13%
2024 Yomb SDM
13%
2020 Zone /
13%
2022 12 coups /
0%
2025 200m² /
0%
2024 38 /
0%
2023 Adrénaline /
0%
2022 Agrume /
0%
2024 Ah bébé KOUZ1
0%
2023 À la mort /
0%
2022 AP7 /
0%
2019 Avant que je me couche /
0%
2021 Bande à part /
0%
2025 Battement de cœur /
0%
2019 Bulma /
0%
2021 Catapulte /
0%
2019 Chaque jour /
0%
2022 Clap clap /
0%
2024 Coffio /
0%
2021 Confessions /
0%
2024 Cupra /
0%
2021 Dangerous /
0%
2023 Dernière chance /
0%
2021 Dis-le moi /
0%
2020 Drip /
0%
2020 F.A.C /
0%
2020 Freestyle Neverland #1 /
0%
2020 Freestyle Neverland #2 /
0%
2024 Galérien /
0%
2020 God Bless /
0%
2020 GP800 /
0%
2024 GPB /
0%
2025 I Miss U /
0%
2019 Indécis /
0%
2020 Kenzo /
0%
2023 Lola acoustique /
0%
2024 London /
0%
2021 Mac 11 /
0%
2020 Mains sales /
0%
2022 Manque /
0%
2021 Menotté Landy
0%
2018 Merci /
0%
2022 Mission /
0%
2024 Moussa, pt. 1 /
0%
2024 Moussa, pt. 2 /
0%
2024 Moussa, pt. 3 /
0%
2019 Ne m’en veux pas /
0%
2025 New Designer /
0%
2019 No No /
0%
2022 Nous contre eux /
0%
2020 Penelope /
0%
2021 Prototype ASHE 22
0%
2019 Si demain /
0%
2024 Solitaire /
0%
2024 Tache de sang /
0%
2024 Tampon /
0%
2022 Te Quiero /
0%
2018 Tierquar /
0%
2022 Tortank /
0%
2022 Tour /
0%
2019 V2V /
0%
2021 Vaillant /
0%
2024 Vida /
0%
2024 VIP /
0%
2023 VNTR /
0%
Aucun quiz correspondant
Distribution des résultats
% des personnes avec chaque résultat
Percentile par nombre de réponses
Votre historique - résultats
Vous n’avez pas pris ce quiz